Eco-Innovation: Consistency with Sustainable Development and Circular Economy
Salvato in:
| Autore principale: | |
|---|---|
| Altri autori: | , |
| Natura: | Capitolo di libro |
| Lingua: | inglese |
| Soggetti: | |
| Tags: |
Nessun Tag, puoi essere il primo ad aggiungerne!!
|
MARC
| LEADER | 00000naa$a2200000$$$4500 | ||
|---|---|---|---|
| 001 | 0260878 | ||
| 005 | 20240502083746.1 | ||
| 041 | 0 | |a eng | |
| 044 | |a RS | ||
| 245 | 1 | 0 | |a Eco-Innovation: Consistency with Sustainable Development and Circular Economy |
| 500 | |a abstrakt | ||
| 610 | 2 | 0 | |a ekológia |
| 610 | 2 | 0 | |a inovácia |
| 610 | 2 | 0 | |a rozvoj trvalo udržateľný |
| 610 | 2 | 0 | |a hospodárstvo obehové |
| 100 | 1 | |a Dziura, Boris, 1976- | |
| 700 | 1 | |a Raneta, Leonid, 1982- | |
| 700 | 1 | |a Vovk, Marta | |